1469 1626 1545 1214 1042 1735 1614 1786 1188 1356 1026 1861 1292 1551 1192 1246 1457 1233 1166 1871 1913 1595 1977 1143 1442 1760 1951 1622 1770 1122 1453 1624 1239 1913 1304 1615 1387 1743 1590 1528 1385 1501 1909 1580 1294 1641 1069 1658 1121 1715 1353 1641 1539 1104 1269 1161 1921 1992 1785 1506 1273 1827 1411 1652 1054 1958 1697 1147 1983 1364 1885 1907 1188 1633 1469 1052 1286 1085 1364 1229 1103 1826 1786 1035 1225 1019 1927 1914 1824 1088 1686 1035 1020 1669 1857 1803 1085 1761 1602 BCNSPRNW ULIB Ver.6.0+V

เปลี่ยนเป็นภาษาไทย

Change to English
 แสดงรายละเอียดบรรณานุกรม
  กลับหน้าหลัก

Brief Record : Get Marc (ISO 2709) : E-mail record : QR code < ปิดหน้าต่าง
LEADER : 00000nam 2200000uu 4500
001    13399111989
003     ULIB
008    110714s2554||||th 000 0 tha d
020    6165020626
090    นว.^bช162รv 2554
100 0   ชมจันท์
245 00 ร้อยเล่ห์รัก/^cชมจันท์
250    พิมพ์ครั้งที่ 1
260    กรุงเทพฯ :^bSugar Beat,^c2554
300     407 หน้า
945    ^p250^l0^i030321
995     เกษร
999     ^aใช้งานได้ทุกระบบ
รายการนี้ยังไม่มีแท็ก
คุณยังไม่ได้ล็อกอิน คุณสามารถมีกิจกรรมร่วมกับเว็บไซต์ได้ แต่ต้องล็อกอินก่อน ::
  ล็อกอิน

รายการสื่อสารสนเทศ

ลำดับที่ ประเภท เลขเรียก/บาร์โค้ด สถานที่ สถานะ
1. นวนิยาย
นวนิยาย
นว. ช162รv 2554  
  Barcode: 030321
ห้องสมุดวิทยาเขตสวรรค์ประชารักษ์
►นวนิยาย
บนชั้น
  ขอยืม

รายการใกล้เคียง
    ผู้แต่ง [ชมจันท์]

BibComment


ยังไม่เคยถูกคอมเมนท์

คอมเมนท์ทรัพยากรรายการนี้
  คอมเมนท์: ร้อยเล่ห์รัก ชมจั..


 Copyright 2026. Bcnsprnw @Library